00797nam a2200217u 450000100100000000500170001000800410002701000170006804000240008505000200010910000560012924500190018526000480020430000110025283000670026391000340033090600450036495201100040999100450051999900150056400000922520200929161525.0810213s1947 ag 000 0 spa  a 50033210  aDO-SdBNPcCarPdDLC00aPQ7797.C28bA651 aCapdevila, Arturo,d1889- [from old catalog]92392110aAdvenimiento,. aBuenos Aires, :bEditorial Losada,c[1947]. ap. cm. 0aNovelistas de Espanña y América. [from old catalog]923922 aCatalogación por copia / LC a0bcbccpremunvduencipf19gy-gencatlg 001052708MOaGRbGRcCTd2009-09-28iLF1l0o p9225-10r2020-06-25w2020-06-25y2ZPréstamo interno bc-GenCollhPQ7797.C28iA65tCopy 1wPREM c8988d8988